000 01348nam a22003257a 4500
999 _c21148
_d21148
003 AR-CdUCM
008 190417b ||||| |||| 00| 0 spa d
020 _a9789972691898
040 _aMUNICIPALIDAD PROVINCIAL DEL CUSCO
_cBIBLIOTECA MUNICIPAL DEL CUSCO
082 _a306.83 / M19
_bM19
100 _aMalengreau, Jacques
_944160
245 _aParientes, paisanos y ciudadanos en los andes de Chachapoyas :
_bIdentidades, divisiones sociales y solidaridad en la comunidad de San Carlos /
_cJacques Malengreau
260 _aCusco :
_bCentro Bartolomé de las Casas,
_c2009.
300 _a349 páginas ;
_c24 cm.
440 _aAntropología
_n15
_944161
505 _aContenido: La unidad doméstica -- Parientes, aliados y vecinos -- La comunidad -- Identificación y relaciones supracomunitarias.
650 _aParentesco
_916385
650 _aReciprocidad
_944162
650 _aIdentidad cultural
_92943
650 _aAntropología social
_938406
650 _aAntropología cultural
_95134
650 _aComunidades campesinas
_92214
650 _aAspectos antropológicos
_944163
650 _aAmazonas
_97356
650 _aChachapoyas Perú
_944164
710 _aInstituto Francés de Estudios Andinos
_97750
710 _aCentro de Estudios Regionales Andinos Bartolomé de Las Casas
_97768
942 _2ddc
_cLIBROS
945 _aRoel